00813nam a2200241 a 450000100060000000300090000600500170001500800410003202000150007304000280008808200140011610000300013024500430016026000630020330000110026659000490027765000190032665000220034565000260036794200120039399900170040595201490042217140CO-ViMGA20250801162557.0141112s2004 ck r 000 u spa d a9586553051 aCO-ViMGAbspacCO-ViMGA04a669 V153t1 aValencia, Asdrubal92434210aTransformaciones de fase en metalurgia aMedellín (Antioquia), cUniversidad de Antioquia, c1998 a465.p. aForma de adquisición : Premio - Mincultura14aMETALES92434314aMETALURGIA95497114aSOLIDIFICACION924344 2ddccBK c26742d26742 00102ddc40708002aMEVIECARbMEVIECARd2015-12-04hVolumen. 1 | 11/jun/2009l0o669 V153t p17140r2019-03-16 00:00:00tEj. 1w2015-12-04yBK